000 nam a22 7a 4500
999 _c29125
_d29125
008 171108b xxu||||| |||| 00| 0 eng d
020 _a996685441
050 _aP 40.5L352 .K46 2006
100 _aKembo,Sure
_d2006.
245 _aLanguage Planning for Development in Africa/
_cSure, Kembo.
250 _a1st ed.
260 _aKenya:
_bMoi University press,
_c2006.
300 _a181p. :ill.
_bincludes bibliographical references
_c24cm
650 _aLanguage planning
942 _2lcc
_cBOOKS
_hP40.5L352 .K46 2006
_01